00892 2200313 4500001002100000005001500021035002000036007000300056040001700059100003200076245008900108250001200197300003400209020001800243041000800261082000800269084001400277090002000291264004100311336002100352337003000373338002300403650001100426850001000437008004100447500002300488700004500511990002200556INLIS00000000000811620260529083625 a0010-0922000605ta aSBPUPADbind0 aSaptono IstiawanePengarang1 aRuang Artistik Dengan Pencahayaan /cSaptono Istiawan ;Pengarang-2,Ira Puspa Kencana a.-cet.1 a79 hlm :bilus. ;c19 x 23 cm a979-26-3613-717aind a729 a729 SAP r a729 DAN a L22-7 a.--Jakarta :bPenebar Swadaya,c2006 2rdacontentateks 2rdamediaatanpa perantara 2rdacarrieravolume 4aKreasi aPUPAD260529 0  aTentang Penulis,790 aPengarang-2,Ira Puspa KencanaePengarang a4171/B/ARPUS/2008